000
00292nam a2200121Ia 4500
008
190216s9999||||xx |||||||||||||| ||und||
100
_a
Sankara Kurup G
245
0
_a
Moonnaruviyum Oru Puzhayum
260
_b
Poorna Pubs Kozhikode
_c
1987
300
_a
68p
650
_a
Kavithkal
942
_c
BK
999
_c
25250
_d
25250